| 000 | 00726nam a2200289Ia 4500 | ||
|---|---|---|---|
| 008 | 171120s9999 xx 000 0 und d | ||
| 020 | _a717292657 | ||
| 050 | _a612.3 | ||
| 050 | _bR892d 1998 | ||
| 100 | _aRoyston, Angela | ||
| 245 | _aDigesting : | ||
| 245 | _bhow we fuel the body / | ||
| 245 | _cby Angela Royston. | ||
| 260 | _aDanbury, Connecticut: | ||
| 260 | _bGroiler Educational, | ||
| 260 | _c1998 | ||
| 300 | _a48 pages : | ||
| 300 | _bcolored illustrations ; | ||
| 300 | _c29cm. | ||
| 440 | _aUnder the microscope. | ||
| 500 | _aIncludes glossary and index. | ||
| 650 | _aDigestion-- | ||
| 650 | _aDigestion. | ||
| 650 | _xJuvenile literature. | ||
| 700 | _aSeries. | ||
| 700 | _aTitle. | ||
| 999 |
_c344983 _d344983 |
||